000 00890nam a2200253 a 4500
001 000030132
005 20240305100318.0
008 110429s2010 bl 000 p spa d
020 _a9789945420838
020 _a9789945420838
040 _aDO-SdBNP
_bspa
_cBNPHU
041 1 7 _aspa
_hportugués
_2Código de idioma MARC
082 _axxx
_bS586a
100 1 _aSilva, Wilmar
_956838
245 1 0 _aestilhaços no lago de púrpura = Astillas en el lago púrpura /
_cWilmar Silva ; traducción Cristiane Grando, Ángel Ortega y José Martín Paulino.
260 _a[Belo Horizone, (Brasil)] :
_bÁngeles de Fierro,
_c2010.
300 _a68 p. ;
_c16 p.
490 1 _aRosa de tierra
700 1 _aGrando, Cristiane,
_d1974-
_etr.
_924064
700 1 _aOrtega, Ángel
_etr
_924066
700 1 _aMartín Paulino, José,
_d1963-
_etr.
_934433
830 0 _aRosa de tierra
_956840
049 _aBNPD
999 _c29624
_d29624